000 00769nam a2200217 a 4500
005 20241207063742.0
008 011011s1993 mx r 000 0 spa d
020 _a8470437194
035 _aUPN01000112899
049 _aCG
050 4 _aHM134
_bP6.4 no. 4.4
100 1 _aGómez Palacios, José Joaquín
_928879
245 1 3 _aEl latido de la ciudad :
_brecursos para una animación humanizadora /
_cJosé J. Gómez Palacios.
260 _aMadrid, Esp. :
_bCCS,
_c1993.
300 _a247 p. :
_eil.
440 0 _aPlan de formación de animadores.
_pBloque 4.
_pEl saber hacer del animador.
_pEducación social ;
_v4.4
650 2 _aAnimación sociocultural
_91050
650 4 _aGRUPOS SOCIALES -
_xTRABAJO
_916589
650 2 _aEducación urbana
_915201
905 _aLibro
999 _c86807
_d86807